Leustatin-2-chloro-deoxyadenosin - nový purínový analóg v liečbe vlasatobunkovej leukémie: naše prvé skúsenosti

Bibliographic Details
Main Authors: Hrubiško, Mikuláš, 1917-2005 (Author), Sakalová, Adriena, 1930-2020 (Author), Holomáňová, Dagmar, 1946- (Author), Mistrík, Martin, 1951- (Author), Benžová, M. (Author), Lazúr, Ján, 1951- (Author)
Format: Article
Language:Slovak
PhysicalDescription:Obr. 5, tab. 2, lit. 15 zázn. v angl.
Subjects:

MARC

LEADER 00000nab a2200000 a 4500
001 vtls000536612
003 SK-MaSNL
005 20260304235259.0
008 250425c1994 xo 0 slo
015 |a SNBRB19rr/mm-uuuuu 
035 |a CL0536750 
035 |a urn:nbn:sk:snk-aba4ct 
035 |a (urnnbn)urn:nbn:sk:snk:ar-a09fpd 
035 |a (uuid)78d4e508-db25-4814-88c4-80c8a6ec0034 
040 |a SNKBUCL  |b slo  |c SNKBUCL  |e AACR2 
041 0 |a slo 
044 |a xo  |c SK 
080 |a 616.155.392:615.277  |2 1981 
080 |a 615.277  |2 1981 
245 0 0 |a Leustatin-2-chloro-deoxyadenosin - nový purínový analóg v liečbe vlasatobunkovej leukémie: naše prvé skúsenosti  |c Mikuláš Hrubiško ... [et al.] 
300 |b Obr. 5, tab. 2, lit. 15 zázn. v angl. 
650 0 7 |a leukémia vlasatých buniek  |2 snkbucl  |9 256314 
650 0 7 |a leustatin-2-chloro-deoxy adenosin  |2 snkbucl  |9 1293516 
655 7 |a články z novín a časopisov  |2 snkbucl  |9 267496 
700 1 |a Hrubiško, Mikuláš,  |d 1917-2005  |4 aut  |9 239458 
700 1 |a Sakalová, Adriena,  |d 1930-2020  |4 aut  |9 253028 
700 1 |a Holomáňová, Dagmar,  |d 1946-  |4 aut  |9 202773 
700 1 |a Mistrík, Martin,  |d 1951-  |4 aut  |9 10255 
700 1 |a Benžová, M.  |4 aut  |9 981573 
700 1 |a Lazúr, Ján,  |d 1951-  |4 aut  |9 9879 
773 0 |t Hematológia a transfuziológia  |g Roč. 4, č. 4 (1994), s. 38-48 
850 |a Slovenská národná knižnica 
852 |a Slovenská národná knižnica 
954 |a odborná, vedecká literatúra pôvodná (slovenská)  |2 lita 
958 |a article13 
958 |a RK 
958 |a MI 
958 |a NB 
958 |a OND 
958 |a EUIPO 
992 |a RBX 
999 |c 3208242  |d 3210172